000 00501nam a2200145Ia 4500
008 140724s9999 xx 000 0 und d
050 _aQA 76.9.S88
_b.Il27 2013
100 _aIlao, Shiela Marie S.
245 _aPatient information system for tablante dental clinic /
_cShiela Marie S. Ilao.
260 _aLas PiƱas, Philippines :
_bSouthville International School and Colleges,
_cc2013.
300 _a102 p. :
_bill. ;
_c28 cm.
521 _aInformation Technology
942 _cTH
999 _c228713
_d228713